Statystyki dla Państwa afryki posiadające linie brzegową

Kliknij tutaj aby rozwiązać quiz!

Ogólne statystyki

  • Ten quiz został rozwiązany 36 razy
  • Średni wynik to 29 z 32

Statystyki odpowiedzi

HintOdpowiedź% Poprawnych
3.Algieria
100%
5.Egipt
100%
1.Maroko
100%
15.Namibia
100%
13.Republika Południowej Afryki
100%
2.Tunezja
100%
4.Libia
97%
31.Senegal
97%
9.Somalia
97%
28.Gwinea
94%
14.Angola
92%
16.Demokratyczna Republika Konga
92%
30.Gambia
92%
29.Gwinea Bissau
92%
20.Kamerun
92%
10.Kenia
92%
12.Mozambik
92%
6.Sudan
92%
25.Wybrzeże Kości Słoniowej
92%
22.Benin
89%
7.Erytrea
89%
24.Ghana
89%
19..Gwinea Równikowa
89%
17.Kongo
89%
11.Tanzania
89%
26.Liberia
86%
23.Togo
86%
18.Gabon
83%
32.Mauretania
83%
21.Nigeria
83%
27.Sierra Leone
83%
8.Dżibuti
81%

Rozkład punktacji

Percentyl według liczby udzielonych odpowiedzi

Procent ludzi z każdym wynikiem

Twoja historia wyników

Nie rozwiązałeś tego quizu